=LDR 00000nam 2200000 4500 =001 INLIS000000000043946 =005 20131008104013 =008 ***********************************ind** =035 ##$$0010-101300000001868 =041 ##$$a ind =082 ##$$a 621.380 26 =090 ##$$a 621.380 26, Mak k =100 ##$$a Makarim, Edmon =245 ##$$a Komplikasi hukum telematika, Edmon Makarim =260 ##$$a 2004 $b Jakarta =300 ##$$a xviii, 632 hlm, 23 cm =650 ##$$a Hukum Telematika =700 ##$$a Tim Penyusun Lembaga Kajian Hukum Telematika =850 ##$$a NBPNMAT =990 ##$$a 1348013480 =990 ##$$a 01201713480